Statistics for Doctor Who Series 10 Episodes

Click here to take the quiz!

General Stats

  • This quiz has been taken 25 times
  • The average score is 10 of 12

Answer Stats

ClueEpisode% Correct
Bill Potts, Puddle, HeatherThe Pilot
100%
Gliese 581d, Emojis, VardiesSmile
95%
Student Housing, The Landlord, DryadsKnock Knock
91%
Smartsuits, Walking Dead, Blinded DoctorOxygen
91%
Frost Fair, Sea Creature, Lord SutcliffeThin Ice
91%
Veritas, Introduction of The Monks, SimulationExtremis
86%
Largest Armies, Consent, Super-BacteriumThe Pyramid at the End of the World
86%
400 Mile Long Ship, Mondasian Cybermen, John Simm's Master ReturnsWorld Enough and Time
86%
Floor 507, Death of the Master?, Return of the First DoctorThe Doctor Falls
82%
Victorian Soldiers, Ice Warriors, GargantuaEmpress of Mars
77%
Ninth Legion, Picts, Interdimensional PortalThe Eaters of Light
77%
Truth, Memory Crimes, The Vault OpensThe Lie of the Land
73%

Score Distribution

Percentile by Number Answered

Percent of People with Each Score

Your Score History

You have not taken this quiz